00344nam a2200121Ia 4500008004100000040001600041041001200057082001800069100002000087245007100107260002900178300001500207230917s9999||||xx |||||||||||||| ||und|| e56974aMAIN aEnglish a320.954 M691P aMisra, K P, ed. 0aPolitics of Persuasion: Essays written in memory of Dr. G N Dhawan aBombaybManaktalasc1967 axi, 348 p.